| 000 | 01028cam a2200241 4500 | ||
|---|---|---|---|
| 001 | ABS64015 | ||
| 008 | 000000n2001 000 0 eng u | ||
| 035 | _a(Sirsi) u112723 | ||
| 100 | _aPawlowski, M | ||
| 245 | _aAssured tenancies: contracting out? | ||
| 260 | _c2001 | ||
| 490 |
_aSolicitors' Journal _v145(19) 18 May 2001, 448-449(2) |
||
| 520 | _aDiscusses both judgments from the CA ruling in "Bankway Properties Ltd v Dunsford", which dispel the notion that a landlord can avoid statutory protection under the Housing Act 1988 by incorporating a flawed rent review clause in an assured tenancy agreement as a device to gain possession or force the tenant to leave. | ||
| 590 | _aABS | ||
| 650 | _aHOUSING ACT 1988 | ||
| 650 | _aASSURED TENANCIES | ||
| 650 | _aBANKWAY PROPERTIES LTD V DUNSFORD AND ANOTHER | ||
| 650 | _aRENT REVIEW CLAUSES | ||
| 650 | _aCONTRACTING OUT | ||
| 690 | _aPROPERTY-RESIDENTIAL PROPERTY-RESIDENTIAL LANDLORD AND TENANT-RESIDENTIAL TENANCIES | ||
| 700 | _aBrown, J | ||
| 942 | _n0 | ||
| 999 |
_c67113 _d67113 |
||